000 00739cam a2200241ua 4500
001 5507
008 131028n2013 ii |||gr||||Z||||||asm
020 _a978-81-923218-9-9
040 _cMAIN
082 _a320.95416
245 _aAsomor prekshapotot uttar -ub bharatar rajniti
_cby Kamal Gogoi
250 _a1st. ed.
260 _aDibrugarh:
_bNational Library,
_c2013.
300 _ax,560p.
653 _aPolitical science
653 _aPolitics of North East India with special reference to Assam
653 _aAsomor prekshapotot uttar -ub bharatar rajniti
700 _aGogoi, Kamal,
_eauthor.
700 _aBorah, Gonesh Ch.,
_eauthor.
700 _aDas, Dipen,
_eauthor.
700 _aKalita,Tapan C.,
_eauthor.,
942 _cBK
999 _c4685
_d4685